[Event "Uniagraria AlphaZero op 2nd"]
[Site "Uniagraria"]
[Date "2019.11.11"]
[Round "6"]
[White "Malaver, Angela Rocio"]
[Black "Diaz Ballen, Wilman Alejandro"]
[Result "0-1"]
[WhiteElo "1602"]
[BlackElo "1846"]
[PlyCount "32"]
[EventDate "2019.11.08"]
[EventType "swiss"]
[EventRounds "7"]
[EventCountry "COL"]
[SourceTitle "CBM 193 Extra"]
[Source "ChessBase"]
[SourceDate "2020.01.31"]
[SourceVersion "1"]
[SourceVersionDate "2020.01.31"]
[SourceQuality "1"]

1. c4 c6 2. d3 d5 3. cxd5 cxd5 4. a3 e6 5. Nf3 Nf6 6. g3 Nc6 7. Bg2 Be7 8. d4 Ne4 9. 0-0 h5 10. Nc3 h4 11. Nxe4 dxe4 12. Nxh4 Bxh4 13. gxh4 Qxh4 14. h3 e5 15. d5 Bxh3 16. dxc6 Bxg2 0-1

[Event "Uniagraria AlphaZero op 2nd"]
[Site "Uniagraria"]
[Date "2019.11.09"]
[Round "2"]
[White "Bejarano Urrea, Ricardo Jaime"]
[Black "Diaz Ballen, Wilman Alejandro"]
[Result "0-1"]
[WhiteElo "1588"]
[BlackElo "1846"]
[PlyCount "58"]
[EventDate "2019.11.08"]
[EventType "swiss"]
[EventRounds "7"]
[EventCountry "COL"]
[SourceTitle "CBM 193 Extra"]
[Source "ChessBase"]
[SourceDate "2020.01.31"]
[SourceVersion "1"]
[SourceVersionDate "2020.01.31"]
[SourceQuality "1"]

1. e4 c5 2. Nf3 Nc6 3. d4 cxd4 4. Nxd4 g6 5. Be3 Bg7 6. Be2 Nf6 7. Nc3 0-0 8. 0-0 d5 9. f3 e5 10. exd5 exd4 11. Bxd4 Nxd4 12. Qxd4 Ng4 13. Qd2 Qb6+ 14. Kh1 Nf2+ 15. Rxf2 Qxf2 16. Rd1 Re8 17. Ne4 Qb6 18. b3 Bf5 19. Bd3 Rad8 20. c4 Qd4 21. Qc2 Qb2 22. a4 Bxe4 23. fxe4 Qxc2 24. Bxc2 Bf8 25. Rb1 a5 26. Re1 Re5 27. h3 f5 28. g4 fxe4 29. Bxe4 Rde8 0-1

[Event "COL-ch Amateur U2000"]
[Site "Bogota"]
[Date "2018.02.17"]
[Round "5.41"]
[White "Diaz Ballen, Wilman Alejandro"]
[Black "Munoz Guzman, German"]
[Result "0-1"]
[WhiteElo "1937"]
[BlackElo "1729"]
[PlyCount "50"]
[EventDate "2018.02.15"]
[EventType "swiss"]
[EventRounds "7"]
[EventCountry "COL"]
[SourceTitle "EXT 2024"]
[Source "ChessBase"]
[SourceDate "2023.10.10"]
[SourceVersion "1"]
[SourceVersionDate "2023.10.10"]
[SourceQuality "1"]

1. e4 e5 2. Nf3 Nc6 3. Bc4 Nd4 4. Nxe5 Qg5 5. Nxf7 Qxg2 6. Rf1 Qxe4+ 7. Qe2 Nxe2 8. Bxe2 Qxc2 9. Na3 Bxa3 10. Nxh8 Bxb2 11. Bxb2 Qxb2 12. Rd1 d5 13. Rg1 g6 14. Nxg6 hxg6 15. Rxg6 Nf6 16. h4 Be6 17. h5 0-0-0 18. h6 Rg8 19. Rxg8+ Bxg8 20. Bd3 Bh7 21. Bxh7 Nxh7 22. a4 d4 23. a5 d3 24. a6 bxa6 25. f3 Qe5+ 0-1